Gerência de projetos : (Record no. 939)

MARC details
000 -LÍDER
Campo Fixo de Controle 00759nam a2200253 a 4500
001 - NÚMERO DE CONTROLE
Campo de Controle 939
003 - IDENTIFICAÇÃO DO NÚMERO DE CONTROLE
Campo de Controle BR-CuiBMT
005 - DATA E HORA DA ÚLTIMA ATUALIZAÇÃO
Campo de Controle 20231213124605.0
008 - DADOS FIXOS
Dados Fixos 231123s2005 rjba 001 0 por d
020 ## - INTERNATIONAL STANDARD BOOK NUMBER
Nº do ISBN 8535216847
040 ## - AGÊNCIA CATALOGADORA
Código da Agência Catalogadora BR-CuiBMT
Agência que transcreveu o registro BR-CuiBMT
041 ## - CÓDIGO DO IDIOMA
Código do Idioma por
Idioma original eng
080 ## - Nº DA CLASSIFICAÇÃO DECIMAL UNIVERSAL
Nº edição CDU 2007
Nº Class. CDU 658.5
090 ## - NÚMERO DE CHAMADA
Nº classificação 658.5
Cutter H474g
100 1# - ENTRADA PRINCIPAL -- AUTOR PESSOAL
Nome pessoal Heldman, Kim
240 10 - TÍTULO UNIFORME/ORIGINAL
Título original Project management jump start
Idioma da publicação Inglês
245 10 - TÍTULO PRINCIPAL
Título principal Gerência de projetos :
Subtítulo fundamentos /
Indicação de responsabilidade Kim Heldman ; Tradução Jussara Simões.
260 ## - PUBLICAÇÃO, DISTRIBUIÇÃO, ETC.
Local de publicação Rio de Janeiro :
Editora Elsevier,
Data 2005.
300 ## - DESCRIÇÃO FÍSICA
N. páginas ou volumes 319 p. :
Ilustrações il. ;
Dimensões 24 cm
504 ## - NOTA DE BIBLIOGRAFIA, ETC.
Nota de bibliografia Inclui bibliografia e índice.
590 ## - NOTA LOCAL
Nota local A Biblioteca possui a 7. reimpr. 2005.
650 ## - ASSUNTO TÓPICO
Cabeçalho tópico ou nome geográfico Administração de projetos
942 ## - ELEMENTOS DE ENTRADA ADICIONAIS (KOHA)
Fonte de classificação ou esquema de arquivamento Classificação Decimal Universal
Tipo de item do Koha Livros
Holdings
Estado: removido Estado: perdido Fonte de classificação ou esquema de arquivamento Estado: danificado Indisponível para empréstimo Localização permanente Localização atual Data de aquisição Total Checkouts Número de Chamada completo Código de barras Date last seen Número do exemplar Preço efetivo a partir de Tipo de item (Koha) Nota pública
    Classificação Decimal Universal     Biblioteca da Escola Superior de Contas do TCE/MT Biblioteca da Escola Superior de Contas do TCE/MT 02/04/2013   658.5 H474g BIBTCEMT23110981 23/11/2023 Ex. 1 23/11/2023 Livros 7. reimpr. 2005

Powered by Koha